La Formación en comunicación en El Salvador

Guardado en:
Bibliografiske detaljer
Format: Texto
Fag:
Tags: Tilføj Tag
Ingen Tags, Vær først til at tagge denne postø!

MARC

LEADER 00000 a a2200000 04500
001 6556
003
040
245 |a La Formación en comunicación en El Salvador  
650 |a COMUNICACION DE MASAS  
650 |a UNIVERSITARIOS NO DIPLOMADOS  
650 |a FORMACION PROFESIONAL  
650 |a UNIVERSIDADES  
773 |g volumen 22, número 985; páginas 10-12  
999 |c 28011  |d 28011